MARC

LEADER 00000nam0a2200000 4500
001 339024
005 20231102005114.0
035 |a (RuTPU)RU\TPU\book\365529 
090 |a 339024 
100 |a 20171207d1963 km y0rusy50 ca 
101 0 |a rus 
102 |a RU 
105 |a a z 001zy 
200 1 |a Техника безопасности при капитальном ремонте жилых зданий  |f Б. А. Черников 
210 |a Москва  |c Изд-во Министерства коммунального хозяйства РСФСР  |d 1963 
215 |a 128 с.  |c ил. 
320 |a Библиогр.: с. 125-126 
606 1 |a Жилые здания  |x Капитальный ремонт  |2 stltpush  |3 (RuTPU)RU\TPU\subj\11018  |9 38005 
610 1 |a техника безопасности 
610 1 |a ремонтные работы 
610 1 |a земляные работы 
610 1 |a каменные работы 
610 1 |a кровельные работы 
610 1 |a ручные инструменты 
610 1 |a специальные работы 
610 1 |a деревопереработка 
610 1 |a контроль 
610 1 |a спецодежда 
675 |a 69.059.3  |v 4 
700 1 |a Черников  |b Б. А.  |g Бронислав Алексеевич 
801 1 |a RU  |b 63413507  |c 20171207 
801 2 |a RU  |b 63413507  |c 20201105  |g RCR 
942 |c BK